| 000 | 01193cam a22003494a 4500 | ||
|---|---|---|---|
| 001 | 6837 | ||
| 003 | FISKH | ||
| 005 | 20250530092902.0 | ||
| 008 | 050302s2005 nyua 000 0 eng | ||
| 010 | _a 2005040858 | ||
| 020 | _a0194309355 (pbk.) | ||
| 020 | _a9780194309356 | ||
| 040 |
_aDLC _cDLC _dDLC _beng |
||
| 050 | _aPE1128.S73425 | ||
| 082 | _a428.6 | ||
| 100 | 1 | _aStamper, Judith Bauer. | |
| 245 | 1 | 0 |
_aFun on the farm / _cby Judith Bauer Stamper ; illustrated by Sally Springer ; series consultant: Joan Ross Keyes. |
| 260 |
_aNew York : _bOxford University Press, _c2005. |
||
| 300 |
_a14 pages : _bcolor illustrations ; _c25 cm |
||
| 440 | 0 | _aKids' readers | |
| 500 | _a"High-beginning level"--Cover. | ||
| 505 | _aE | ||
| 520 | _aStories based on The Oxford Picture Dictionary for Kids enhance children's vocabulary and reading skills. | ||
| 521 | 8 |
_a260
_bLexile |
|
| 521 | 8 |
_aE
_bRaz-Plus |
|
| 650 | 0 |
_aEnglish language _vTextbooks for foreign speakers _vJuvenile literature. |
|
| 650 | 0 | _aReaders (Primary) | |
| 700 | 1 |
_aSpringer, Sally. _eillustrator |
|
| 906 |
_a7 _bcbc _corignew _d1 _eocip _f20 _gy-gencatlg |
||
| 942 |
_2ddc _cBK _n0 |
||
| 999 |
_c6837 _d6837 |
||